|
|
|
|
| LEADER |
00000cam a2200000 c 4500 |
| 001 |
1610791118 |
| 003 |
DE-627 |
| 005 |
20251225194146.0 |
| 007 |
tu |
| 008 |
850101s1979 xxu||||| 00| ||eng c |
| 010 |
|
|
|a 78010401
|
| 020 |
|
|
|a 0398038546
|9 0-398-03854-6
|
| 035 |
|
|
|a (DE-627)1610791118
|
| 035 |
|
|
|a (DE-576)00772781X
|
| 035 |
|
|
|a (DE-599)BSZ00772781X
|
| 035 |
|
|
|a (OCoLC)4496377
|
| 035 |
|
|
|a (OCoLC)04496377
|
| 040 |
|
|
|a DE-627
|b ger
|c DE-627
|e rakwb
|
| 041 |
|
|
|a eng
|
| 044 |
|
|
|c XD-US
|
| 050 |
|
0 |
|a HV5137
|
| 082 |
0 |
|
|a 362.2/92
|
| 084 |
|
|
|a YH 5800
|2 rvk
|0 (DE-625)rvk/153558:12905
|
| 245 |
0 |
0 |
|a Women who drink
|b alcoholic experience and psychotherapy
|c ed. by Vasanti Burtle
|
| 264 |
|
1 |
|a Springfield, Ill. [u.a.]
|b Thomas
|c 1979
|
| 300 |
|
|
|a XXIV, 274 S.
|
| 336 |
|
|
|a Text
|b txt
|2 rdacontent
|
| 337 |
|
|
|a ohne Hilfsmittel zu benutzen
|b n
|2 rdamedia
|
| 338 |
|
|
|a Band
|b nc
|2 rdacarrier
|
| 500 |
|
|
|a Includes bibliographies and index
|
| 650 |
|
0 |
|a Women alcoholics
|
| 650 |
|
0 |
|a Alcoholism
|x Treatment
|
| 650 |
|
0 |
|a Alcoholics
|x Rehabilitation
|
| 700 |
1 |
|
|a Burtle, Vasanti
|e Hrsg.
|4 edt
|
| 889 |
|
|
|w (DE-627)122579399
|
| 935 |
|
|
|i mdedup
|
| 936 |
r |
v |
|a YH 5800
|b Allgemeines
|k Medizin
|k Psychiatrie, Medizinische Psychologie
|k Spezielle Psychiatrie
|k Psychosen
|k Exogene Psychosen, allgemein
|k Psychosen durch chemisch definierte Gifte
|k Alkoholpsychosen
|k Allgemeines
|0 (DE-627)1271803909
|0 (DE-625)rvk/153558:12905
|0 (DE-576)201803909
|
| 951 |
|
|
|a BO
|
| ELC |
|
|
|b 1
|
| LOK |
|
|
|0 000 xxxxxcx a22 zn 4500
|
| LOK |
|
|
|0 001 3154537449
|
| LOK |
|
|
|0 003 DE-627
|
| LOK |
|
|
|0 004 1610791118
|
| LOK |
|
|
|0 005 20020606000000
|
| LOK |
|
|
|0 008 910111||||||||||||||||ger|||||||
|
| LOK |
|
|
|0 040
|a DE-21
|c DE-627
|d DE-21
|
| LOK |
|
|
|0 852
|a DE-21
|
| LOK |
|
|
|0 852 1
|c KB 11 A 290
|9 00
|
| LOK |
|
|
|0 935
|a krim
|
| LOK |
|
|
|0 936ln
|a k9.6.5
|
| LOK |
|
|
|0 939
|a 11-01-91
|b l01
|
| ORI |
|
|
|a SA-MARC-krimdoka001.raw
|
| SIG |
|
|
|a UB: KB 11 A 290
|